Memòria USB de 2 GB
Descripción Física:
1 usb en un capsa de cartó de 6 x 3 x 6 cm
Materias:
Objectes publicitaris
MARC
| LEADER | 00000nrm a2200000Ia 4500 | ||
|---|---|---|---|
| 001 | 20725 | ||
| 008 | 160829s2008 xx 000 0 cat d | ||
| 080 | |a NBM-1-17 | ||
| 245 | |a Memòria USB de 2 GB |h [Objecte] | ||
| 260 | |a Barcelona : |b Diputació de Barcelona, |c 2008 | ||
| 300 | |a 1 usb en un capsa de cartó de 6 x 3 x 6 cm | ||
| 500 | |a Títol facilitat pel catalogador | ||
| 650 | 0 | |9 54098 |a Objectes publicitaris | |
| 710 | 1 | |a Barcelona (Catalunya : Província). |b Diputació |9 52408 | |
| 901 | |a Arxiu | ||
| 942 | |n 1 |2 udc | ||
| 952 | |0 0 |1 0 |4 0 |6 NBM117 |7 1 |9 53038 |a Arxiu |b Arxiu |d 2016-12-01 |l 0 |o NBM-1-17 |p 20725 |r 2016-12-01 00:00:00 |w 2016-12-01 |y ARXIU | ||
| 999 | |c 56887 |d 56887 | ||